| 000 | 00849cam a2200241 a 4500 | ||
|---|---|---|---|
| 001 | 000013230 | ||
| 005 | 20200929163154.0 | ||
| 008 | 830721s1971 ec 000 0 spa d | ||
| 040 |
_aDO-SdBNP _bspa _cLC _dBNPHU |
||
| 082 |
_a986.6 _bP356h |
||
| 100 | 1 |
_aPeñaherrera de Costales, Piedad. _d1924-1994. _930370 |
|
| 245 | 1 | 0 |
_aHistoria social del Ecuador / _cPiedad Peñaherrera de Costales y Alfreso Costales Samaniego. |
| 260 |
_aQuito : _bCasa de la Cultural Ecuatoriana, _c1971. |
||
| 300 |
_av. ; _c22 cm. |
||
| 500 | _aLa biblioteca posee el volumen 4. | ||
| 505 | 0 |
_gt. 4. _tReforma Agraria. |
|
| 651 | 4 |
_aEcuador _xHistoria _94781 |
|
| 650 | 4 |
_aReforma agraria _zEcuador _930371 |
|
| 651 | 4 |
_aEcuador _xCondiciones Sociales _930372 |
|
| 700 | 1 |
_aCostales Samaniego, Alfredo. _930373 |
|
| 910 | _aCatalogación derivada / LC | ||
| 049 | _aBNGR | ||
| 999 |
_c12862 _d12862 |
||